<?xml version="1.0" encoding="UTF-8"?>
<record
    xmlns:xsi="http://www.w3.org/2001/XMLSchema-instance"
    xsi:schemaLocation="http://www.loc.gov/MARC21/slim http://www.loc.gov/standards/marcxml/schema/MARC21slim.xsd"
    xmlns="http://www.loc.gov/MARC21/slim">

  <leader>00844nam a2200241Ia 4500</leader>
  <controlfield tag="008">100315s9999    xx            000 0 und d</controlfield>
  <datafield tag="020" ind1=" " ind2=" ">
    <subfield code="a">9780821343937&#xA0;</subfield>
  </datafield>
  <datafield tag="040" ind1=" " ind2=" ">
    <subfield code="c">ENGLISH&#xA0;</subfield>
  </datafield>
  <datafield tag="082" ind1=" " ind2=" ">
    <subfield code="b">10169&#xA0;</subfield>
    <subfield code="a">330.954&#xA0;</subfield>
  </datafield>
  <datafield tag="100" ind1=" " ind2=" ">
    <subfield code="a">WORLD BANK </subfield>
  </datafield>
  <datafield tag="245" ind1=" " ind2=" ">
    <subfield code="a">India : 1998 Macroeconomic Update Reforming for Growth and Poverty Reduction</subfield>
  </datafield>
  <datafield tag="260" ind1=" " ind2=" ">
    <subfield code="a">WASHINGTON&#xA0;</subfield>
    <subfield code="b">WORLD BANK &#xA0;</subfield>
    <subfield code="c">1998&#xA0;</subfield>
  </datafield>
  <datafield tag="300" ind1=" " ind2=" ">
    <subfield code="a">"xvi,126&#xA0; "</subfield>
  </datafield>
  <datafield tag="365" ind1=" " ind2=" ">
    <subfield code="e">Rupees&#xA0;</subfield>
    <subfield code="d">1&#xA0;</subfield>
    <subfield code="b">0.00&#xA0;</subfield>
  </datafield>
  <datafield tag="366" ind1=" " ind2=" ">
    <subfield code="f">0&#xA0;</subfield>
  </datafield>
  <datafield tag="505" ind1=" " ind2=" ">
    <subfield code="g">Vaibhav Gaikwad&#xA0;</subfield>
  </datafield>
  <datafield tag="530" ind1=" " ind2=" ">
    <subfield code="b">Donated By RBI Library &#xA0;</subfield>
  </datafield>
  <datafield tag="620" ind1=" " ind2=" ">
    <subfield code="a">"Macroeconomic, Economic, RBI Book, Policy, Finance&#xA0;"</subfield>
  </datafield>
  <datafield tag="630" ind1=" " ind2=" ">
    <subfield code="a">India : 1998 Macroeconomic Update Reforming for Growth and Poverty Reduction</subfield>
  </datafield>
  <datafield tag="650" ind1=" " ind2=" ">
    <subfield code="a">ECONOMIC&#xA0;</subfield>
  </datafield>
  <datafield tag="730" ind1=" " ind2=" ">
    <subfield code="a">India : 1998 Macroeconomic Update Reforming for Growth and Poverty Reduction</subfield>
  </datafield>
  <datafield tag="942" ind1=" " ind2=" ">
    <subfield code="c">BOOK</subfield>
  </datafield>
  <datafield tag="999" ind1=" " ind2=" ">
    <subfield code="c">484903</subfield>
    <subfield code="d">484900</subfield>
  </datafield>
  <datafield tag="952" ind1=" " ind2=" ">
    <subfield code="0">0</subfield>
    <subfield code="1">0</subfield>
    <subfield code="4">0</subfield>
    <subfield code="7">0</subfield>
    <subfield code="a">VPMBRIMS</subfield>
    <subfield code="b">VPMBRIMS</subfield>
    <subfield code="d">2009-07-04</subfield>
    <subfield code="g">0.00</subfield>
    <subfield code="l">0</subfield>
    <subfield code="o">330.954&#xA0;/WB&#xA0; 10169&#xA0;</subfield>
    <subfield code="p">VPMBRIMS-10169&#xA0;</subfield>
    <subfield code="r">2010-03-19 00:00:00</subfield>
    <subfield code="w">2010-03-19</subfield>
    <subfield code="y">BOOK</subfield>
  </datafield>
</record>
